Tự học phiên dịch Việt - Anh, Anh - Việt. Hoàn chỉnh câu, hiểu sâu đoạn văn, nắm vững bài văn
Đã lưu trong:
| 主要作者: | |
|---|---|
| 格式: | 图书 |
| 出版: |
TP. Hồ Chí Minh
Trẻ
2011
|
| 主题: | |
| 标签: |
添加标签
没有标签, 成为第一个标记此记录!
|
| Thư viện lưu trữ: | Trung tâm Học liệu Lê Vũ Hùng, Trường Đại học Đồng Tháp |
|---|
| LEADER | 00791aam a22002298a 4500 | ||
|---|---|---|---|
| 001 | 00029065 | ||
| 005 | 20171026081025.0 | ||
| 008 | 120504s2011 ||||||Engsd | ||
| 020 | |c 85000 | ||
| 041 | 0 | # | |a Eng |a Vie |
| 082 | 1 | 4 | |b T550H |a 428 |
| 100 | 1 | # | |a Lê, Tôn Hiến |
| 245 | 1 | 0 | |a Tự học phiên dịch |b Việt - Anh, Anh - Việt. Hoàn chỉnh câu, hiểu sâu đoạn văn, nắm vững bài văn |c Lê Tôn Hiến |
| 260 | # | # | |c 2011 |a TP. Hồ Chí Minh |b Trẻ |
| 300 | # | # | |a 231tr. |c 25cm. |
| 650 | # | 4 | |a Tiếng Anh |
| 653 | # | # | |a Dịch thuật |
| 653 | # | # | |a Phiên dịch |
| 852 | # | # | |b Kho đọc |j KD.0013497 |
| 852 | # | # | |j KD.0013497 |
| 910 | |d 04/05/2012 | ||
| 980 | # | # | |a Trung tâm Học liệu Lê Vũ Hùng, Trường Đại học Đồng Tháp |